| 000 -LEADER |
| fixed length control field |
00487pab a2200169 454500 |
| 008 - FIXED-LENGTH DATA ELEMENTS--GENERAL INFORMATION |
| fixed length control field |
180718b2006 xxu||||| |||| 00| 0 eng d |
| 100 ## - MAIN ENTRY--PERSONAL NAME |
| Personal name |
Legris, Paul |
| 245 ## - TITLE STATEMENT |
| Title |
A roadmap for IT project implementation: integrating stakeholders and change management issues |
| 260 ## - PUBLICATION, DISTRIBUTION, ETC. |
| Date of publication, distribution, etc. |
2006 |
| 300 ## - PHYSICAL DESCRIPTION |
| Extent |
p.64-75. |
| 362 ## - DATES OF PUBLICATION AND/OR SEQUENTIAL DESIGNATION |
| Dates of publication and/or sequential designation |
Dec |
| 650 ## - SUBJECT ADDED ENTRY--TOPICAL TERM |
| Topical term or geographic name entry element |
Project Management |
| 650 ## - SUBJECT ADDED ENTRY--TOPICAL TERM |
| Topical term or geographic name entry element |
Information technology |
| 700 ## - ADDED ENTRY--PERSONAL NAME |
| Personal name |
Collerette, Pierre |
| 773 ## - HOST ITEM ENTRY |
| Main entry heading |
Project Management Journal |
| 909 ## - |
| -- |
73081 |